Polskie serie komiksowe - Statystyki

Ogólne statystyki
  • Ten quiz został rozwiązany 41 razy
  • Średni wynik to 4 z 17
Statystyki odpowiedzi
Hint Odpowiedź % Poprawnych
Nigdy się nie uczłowieczył Tytus Romek i A'tomek
82%
Zaczynał w stopniu kapitana Kapitan Żbik
53%
Skate Jeż Jerzy
38%
Szuka daleko tego, co blisko Koziołek Matołek
35%
Gwiezdne dziecko Thorgal
35%
Rycerze zaprzyjaźnieni ze smokiem Kajko i Kokosz
32%
Marynarze także w kosmosie Kajtek i Koko
32%
Kończył w stopniu kapitana Kapitan Kloss
32%
Dzieciaki z atramentem Jonka, Jonek i Kleks
24%
Superbohater z Opola Wilq
12%
Pracownik Air Star Force Funky Koval
9%
Hipopotam i pies Gucio i Cezar
6%
Gosposia i jej uczony szef Antresolka Profesorka Nerwosolka
3%
Pogromca smoka Doman
3%
Sąsiad Malwiny z mieszkania zza dziury w ścianie Kubuś Piekielny
3%
Zna się na zimnych kaloryferach Orient-Men
3%
Harcerz na tle zdjęć Kwapiszon
0%
Nie znaleziono quizów pasujących do podanych kryteriów
Rozkład punktacji
Procent ludzi z każdym wynikiem
Percentyl według liczby udzielonych odpowiedzi
Twoja historia wyników
Nie rozwiązałeś tego quizu